| 000 | 00363nam a2200133Ia 4500 | ||
|---|---|---|---|
| 008 | 240624s9999 xx 000 0 und d | ||
| 041 | _aeng | ||
| 082 | _a658.7 HAN | ||
| 100 | _aHANDFIELD ROBERT B | ||
| 245 | _aSOURCING AND SUPPLY CHAIN MANAGEMENT | ||
| 250 | _a(5th ed.) | ||
| 260 |
_c2011 _aNew Delhi _bCengage Learning |
||
| 300 | _axxxii, : 848 : p. : cm. ; 25 | ||
| 999 |
_c21547 _d21547 |
||